Δικτύωση υπολογιστών : προσέγγιση από πάνω προς τα κάτω
Αποθηκεύτηκε σε:
| Κύριοι συγγραφείς: | , |
|---|---|
| Άλλοι συγγραφείς: | |
| Μορφή: | Βιβλίο |
| Γλώσσα: | Greek English |
| Δημοσίευση: |
Αθήνα :
Γκιούρδας,
2021.
|
| Έκδοση: | 8η έκδ. |
| Θέματα: | |
| Ετικέτες: |
Προσθήκη ετικέτας
Δεν υπάρχουν, Καταχωρήστε ετικέτα πρώτοι!
|
MARC
| LEADER | 00000cam a2200000 i 4500 | ||
|---|---|---|---|
| 001 | 1/124112 | ||
| 008 | 220111t2021####gr | ||| ||| ||gre|| | ||
| 020 | |a 9789605127459 | ||
| 040 | |a GR-MyUA |b gre |e AACR2 | ||
| 041 | 1 | |a gre |h eng | |
| 082 | 7 | |a 004.678 |2 (23) | |
| 100 | 1 | |a Kurose, James F. | |
| 245 | 1 | 0 | |a Δικτύωση υπολογιστών : |b προσέγγιση από πάνω προς τα κάτω / |c James F. Kurose, Keith W. Ross ; απόδοση Γιάννης Β. Σαμαράς. |
| 250 | |a 8η έκδ. | ||
| 260 | |a Αθήνα : |b Γκιούρδας, |c 2021. | ||
| 300 | |a xxix, 749 σ. : |b είκ., πιν. ; |c 24 εκ. | ||
| 500 | |a Τίτλος πρωτοτύπου: Computer networking : a top-down approach. | ||
| 504 | |a Βιβλιογραφία: σ. 691-721. Περιέχει ευρετήριο. | ||
| 650 | 0 | |a Internet. | |
| 650 | 0 | |a Computer networks. | |
| 700 | 1 | |a Ross, Keith W., |d 1956- |e aut | |
| 700 | 1 | |a Τροχάνης, Αριστόνους Μ. |e trl | |
| 852 | |a INST |b SAMOS |c EUDOXUS |e 20220111 |h 004.678 KUR |p 005300047076 |q 005300047076 |t EDX |y 0 | ||
| 920 | |a Εύδοξος |b Παραγγελία |y Σάμος-ΤΜΠΕΣ |z 2022-01 | ||
| 970 | |a Φιλιππή |b Φάλη |z 11-01-2022 | ||